80 pictorial essays : Wording construction

Bibliographic Details
Main Author: Hassan Noor
Format: Book
Published: Kuala Lumpur : Sukses Akademia , [s.n]
Series:Grade A
Subjects:

MARC

LEADER 00000cam a2200000 7i4500
001 0000050795
005 20151222.0
008 150723
020 |a 9674443009 
020 |a 9789674443009 
090 0 0 |a 428.24   |b PIC 
100 1 |a Hassan Noor 
245 1 0 |a 80 pictorial essays :   |b Wording construction   |c Hassan Noor, Raja Liyana 
260 |a Kuala Lumpur :   |b Sukses Akademia ,   |c [s.n] 
300 |a 96pg. ;   |c 22.5cm. 
490 1 |a Grade A 
500 |a Children ages 10-12 years old (pink) 
650 0 |a English essays 
650 0 |a English language   |x Composition and exercixes, etc. 
650 0 |a English language   |x Writing   |v Problems, exercises, etc. 
999 |a 0001353848   |b Book   |c Teenagers   |e Perbadanan Perpustakaan Awam Johor 
999 |a 0001353849   |b Book   |c Teenagers   |e Cawangan Pontian 
999 |a 0001353851   |b Book   |c Teenagers   |e Cawangan Mersing 
999 |a 0001353852   |b Book   |c Teenagers   |e Cawangan Batu Pahat 
999 |a 0001353853   |b Book   |c Teenagers   |e Cawangan Bandar Tenggara 
999 |a 0001353854   |b Book   |c Adult Collection   |e Cawangan AEON Kulaijaya 
999 |a 0001353855   |b Book   |c Teenagers   |e Cawangan Tmn. Ungku Tun Aminah 
999 |a 0001353856   |b Book   |c Teenagers   |e Cawangan Urban Transformation Centre 
999 |a 0001353857   |b Book   |c Adult Collection   |e Cawangan AEON Kulaijaya